000 00539nam a2200097Ia 4500
008 170517s9999 xx 000 0 und d
245 _aSweet Remedy: Adulterated Food Supply
300 _aSheldon Rampton, co-author of some of the most unflinching accounts of fraud and deception (Trust Us, We’re Experts and Toxic Sludge is Good for You) provides a detailed account of the mechanisms by which people are regularly deceived. Himself an "expert” on the...
650 _xTechnology.
856 _uhttp://topdocumentaryfilms.com/sweet-remedy/
999 _c335093
_d335093